[Event "Let's Play Chess!"]
[Site "http://www.queenalice.com/game.php?id=439043"]
[Date "2008.7.26"]
[Round "-"]
[White "parisfrance"]
[Black "bartataca"]
[Result "1-0"]
[WhiteElo "1540"]
[BlackElo "1675"]

1. e4 e5 2. Nf3 Nc6 3. Bb5 d6 4. d4 exd4 5. Nxd4 Bd7 6. O-O Nxd4 7. Bxd7+ Qxd7
8. Qxd4 h6 9. Nc3 O-O-O 10. Qxa7 c6 11. Be3 Re8 12. Bb6 Qe6 13. Qa8+ 1-0

[Event "Let's Play Chess!"]
[Site "http://www.queenalice.com/game.php?id=439044"]
[Date "2008.7.26"]
[Round "-"]
[White "parisfrance"]
[Black "spawnwolfwolverine"]
[Result "0-1"]
[WhiteElo "1605"]
[BlackElo "1719"]

1. e4 e5 2. Nf3 d6 3. Bc4 Bg4 4. d4 Bxf3 5. Qxf3 Qd7 6. dxe5 dxe5 7. Qb3 b6 8.
Bb5 c6 9. Bc4 Nf6 10. O-O b5 11. Bd3 Bd6 12. Nc3 O-O 13. Be3 a5 14. a4 b4 15.
Ne2 c5 16. Rad1 Nc6 17. Bb5 Rac8 18. Qd5 Nxd5 19. exd5 Qb7 20. dxc6 Rxc6 21.
Bxc6 Qxc6 22. b3 g6 23. Rd2 f5 24. f3 e4 25. fxe4 Qxe4 26. Bh6 Rd8 27. Rfd1
Bxh2+ 28. Kxh2 Rxd2 29. Rxd2 Qh4+ 0-1

[Event "Let's Play Chess!"]
[Site "http://www.queenalice.com/game.php?id=439046"]
[Date "2008.7.26"]
[Round "-"]
[White "parisfrance"]
[Black "spawnwolfwolverine"]
[Result "1-0"]
[WhiteElo "1649"]
[BlackElo "1477"]

1. e4 e5 2. Nf3 d6 3. d4 Bg4 4. dxe5 Bxf3 5. Qxf3 dxe5 6. Bc4 Qd7 7. Qb3 b6 8.
Bb5 c6 9. Bc4 Nf6 10. O-O b5 11. Bd3 Be7 12. Bg5 O-O 13. Nd2 a5 14. c3 a4 15.
Qc2 Na6 16. Nf3 Bd6 17. Bxf6 gxf6 18. h3 Nc5 19. b3 Nxd3 20. Qxd3 Kh8 21. Rad1
Rad8 22. Nh2 h6 23. Ng4 Kh7 24. Nxf6+ Kg6 25. Qf3 Qe6 26. Ng4 f5 27. Ne3 f4 28.
Ng4 h5 29. Nh2 axb3 30. axb3 b4 31. c4 Bc5 32. Rxd8 Rxd8 33. Rd1 Rxd1+ 34. Qxd1
Kg5 35. Nf3+ Kg6 36. Qd8 Bd4 37. Qg5+ Kf7 38. Qxh5+ Ke7 39. Qg5+ Kd6 40. Qd8+
Qd7 41. Qxd7+ Kxd7 42. g4 Ke7 43. h4 Kf6 44. Nxd4 exd4 45. f3 c5 46. Kf2 Kg6 47.
Ke2 Kh6 48. Kd3 Kg6 49. e5 Kf7 50. h5 Kg7 51. e6 Kf6 52. h6 Kxe6 53. h7 Kf6 54.
h8=Q+ Kg5 55. Qh5+ Kf6 56. Qxc5 Kf7 57. Qxd4 Ke6 58. c5 Ke7 59. c6 Ke6 60. c7
Ke7 61. c8=Q Kf7 62. Qb7+ Ke6 63. Qbe4+ Kf7 64. Qd7+ Kf6 65. Qxf4+ Kg6 66. Qe8+
Kg7 67. Qef7+ Kh8 68. Qh6# 1-0

[Event "Let's Play Chess!"]
[Site "http://www.queenalice.com/game.php?id=439047"]
[Date "2008.7.26"]
[Round "-"]
[White "spawnwolfwolverine"]
[Black "parisfrance"]
[Result "1/2-1/2"]
[WhiteElo "1574"]
[BlackElo "1583"]

1. c4 c5 2. d3 Nc6 3. e4 e6 4. Nf3 d5 5. Be2 dxe4 6. dxe4 e5 7. O-O Be6 8. b3
Nf6 9. Bg5 Be7 10. Nc3 O-O 11. Bxf6 Bxf6 12. Nd5 Bxd5 13. cxd5 Nd4 14. Nxd4 cxd4
15. Bc4 Qd6 16. f3 a6 17. h3 b5 18. Bd3 Bg5 19. a3 Be3+ 20. Kh1 Qg6 21. g4 Qh6
22. Kg2 Qh4 23. Qe1 Qxe1 24. Raxe1 Rac8 25. a4 Rc3 26. Be2 Rxb3 27. axb5 axb5
28. Rb1 Rxb1 29. Rxb1 Rb8 30. Rxb5 Rxb5 31. Bxb5 Kf8 32. Kf1 Ke7 33. Ke2 f6 34.
h4 h6 35. h5 Kd6 36. Ba6 Kc5 37. Kd3 1/2-1/2

[Event "Let's Play Chess!"]
[Site "http://www.queenalice.com/game.php?id=439048"]
[Date "2008.7.26"]
[Round "-"]
[White "spawnwolfwolverine"]
[Black "parisfrance"]
[Result "0-1"]
[WhiteElo "1577"]
[BlackElo "1583"]

1. d4 d5 2. e3 Bf5 3. Nf3 Nf6 4. Be2 Nc6 5. O-O e5 6. dxe5 Ne4 7. Nc3 Nxc3 8.
bxc3 Be7 9. a4 f6 10. exf6 Bxf6 11. Bb2 O-O 12. Ra2 Ne5 13. Nxe5 Bxe5 14. c4
Bxb2 15. Rxb2 b6 16. Qxd5+ Qxd5 17. cxd5 Rfd8 18. c4 Bg6 19. Bf3 Rab8 20. h3 Bd3
21. Rc1 Re8 22. Rd2 Be4 23. Bxe4 Rxe4 24. d6 cxd6 25. Rxd6 Rc8 26. Rd4 Re5 27.
Rd7 a5 28. Rb7 Rc6 29. g3 Rec5 30. f4 Rxc4 31. Rxc4 Rxc4 32. Rxb6 Rxa4 33. g4 h6
34. h4 Ra3 35. e4 Ra4 36. Rb8+ Kh7 37. Re8 Rb4 38. g5 hxg5 39. hxg5 a4 40. f5 a3
41. Kg2 a2 42. Kg3 a1=Q 43. Kf4 Qf1+ 44. Ke5 Rb5+ 45. Kd6 Qd3+ 46. Ke6 Qxe4+ 47.
Kf7 Rxf5# 0-1

[Event "Let's Play Chess!"]
[Site "http://www.queenalice.com/game.php?id=439049"]
[Date "2008.7.26"]
[Round "-"]
[White "spawnwolfwolverine"]
[Black "parisfrance"]
[Result "1-0"]
[WhiteElo "1680"]
[BlackElo "1545"]

1. c4 c5 2. d3 Nc6 3. e4 e6 4. Nf3 d5 5. Be2 dxe4 6. dxe4 Nd4 7. Nxd4 cxd4 8.
Bg5 Qa5+ 9. Bd2 Qb6 10. b3 e5 11. O-O Nf6 12. Bd3 Bb4 13. Bxb4 Qxb4 14. a4 Qxb3
15. Qxb3 1-0

[Event "Let's Play Chess!"]
[Site "http://www.queenalice.com/game.php?id=439964"]
[Date "2008.7.28"]
[Round "-"]
[White "parisfrance"]
[Black "filomenos"]
[Result "0-1"]
[WhiteElo "1519"]
[BlackElo "1638"]

1. e4 e5 2. Nf3 d6 3. d4 Nc6 4. dxe5 dxe5 5. Bb5 Bd7 6. Bxc6 Bxc6 7. Nc3 Nf6 8.
O-O Qxd1 9. Rxd1 Bb4 10. Nxe5 Bxc3 11. Nxc6 bxc6 12. bxc3 O-O 13. e5 Ne4 14. c4
Rab8 15. Be3 a6 16. Rd7 Rb7 17. Bd4 Rfb8 18. f3 Rb1+ 0-1

[Event "Let's Play Chess!"]
[Site "http://www.queenalice.com/game.php?id=439965"]
[Date "2008.7.28"]
[Round "-"]
[White "parisfrance"]
[Black "ekup"]
[Result "0-1"]
[WhiteElo "1651"]
[BlackElo "2027"]

1. e4 c5 2. Nc3 d6 3. g3 Nf6 4. d3 h6 5. Bg2 e6 6. f4 Be7 7. Nf3 Nc6 8. d4 cxd4
9. Nxd4 Bd7 10. O-O d5 11. Nxc6 Bxc6 12. exd5 Nxd5 13. Nxd5 Bxd5 14. Bxd5 Qxd5
15. Qg4 O-O 16. Be3 b6 17. Qf3 Qxf3 18. Rxf3 Rac8 19. c3 Rfd8 20. Bd4 f6 21. b3
Bc5 22. Bxc5 Rxc5 23. c4 Rd2 24. Kf1 Rxh2 25. Kg1 Re2 26. Rf2 Re3 27. Kg2 b5 28.
Rf3 Re4 29. cxb5 Rxb5 30. Kf2 Rc5 31. Re3 Rxe3 32. Kxe3 Kf7 33. g4 a5 34. Kd3
Ke7 35. Kd4 Rb5 0-1

[Event "Let's Play Chess!"]
[Site "http://www.queenalice.com/game.php?id=439966"]
[Date "2008.7.28"]
[Round "-"]
[White "parisfrance"]
[Black "ekup"]
[Result "0-1"]
[WhiteElo "1621"]
[BlackElo "2101"]

1. e4 c5 2. Nc3 Nc6 3. g3 d6 4. Bg2 h6 5. d3 e6 6. f4 Nf6 7. Nf3 Bd7 8. d4 cxd4
9. Nxd4 Be7 10. O-O a6 11. Nxc6 Bxc6 12. Be3 O-O 13. Rb1 Rc8 14. Qd4 Qc7 15. Qb6
Qd7 16. Rbd1 Bd8 17. Qd4 Be7 18. e5 dxe5 19. Qxe5 Qe8 20. Bd4 Bxg2 21. Kxg2 Qc6+
22. Kg1 Bd6 23. Qe2 Be7 24. Bxf6 Bxf6 25. Rd3 Rfd8 26. Rfd1 Rxd3 27. Qxd3 Rd8
0-1

[Event "Let's Play Chess!"]
[Site "http://www.queenalice.com/game.php?id=439967"]
[Date "2008.7.28"]
[Round "-"]
[White "ekup"]
[Black "parisfrance"]
[Result "0-1"]
[WhiteElo "1849"]
[BlackElo "1670"]

1. e4 c5 2. Nf3 Nc6 3. Bc4 e6 4. a3 Nf6 5. d3 d5 6. exd5 exd5 7. Bb3 Bg4 8. h3
Bxf3 9. Qxf3 Ne5 10. Qe2 Qe7 11. O-O Nc6 12. Qf3 Ne5 13. Qd1 O-O-O 14. Nc3 a6
15. Bf4 Nc6 16. Qf3 Qd7 17. Rfe1 Bd6 18. Bxd6 Qxd6 19. Re2 Rhe8 20. Rxe8 Rxe8
21. Bxd5 Qc7 22. Bc4 Ne5 23. Qg3 Nxc4 24. dxc4 Qxg3 25. fxg3 Nh5 26. Kf2 f5 27.
Re1 Rxe1 28. Kxe1 Nxg3 29. Kf2 Nh5 30. Nd5 g6 31. Nf6 Nxf6 32. Kf3 Kd7 33. c3 b5
34. cxb5 axb5 35. b3 Kd6 36. c4 Kc6 37. Ke3 Ne4 38. g4 bxc4 39. bxc4 Nd6 40. Kd3
f4 41. a4 Kb6 42. g5 Ka5 0-1

[Event "Let's Play Chess!"]
[Site "http://www.queenalice.com/game.php?id=439968"]
[Date "2008.7.28"]
[Round "-"]
[White "filomenos"]
[Black "parisfrance"]
[Result "1/2-1/2"]
[WhiteElo "1828"]
[BlackElo "1614"]

1. d4 d5 2. Nc3 c6 3. g3 Nf6 4. Nf3 Bg4 5. Bg2 e6 6. O-O Be7 7. Ne5 Bh5 8. Qd3
Bg6 9. Qd1 Nbd7 10. Nxd7 Qxd7 11. Re1 O-O 12. e4 dxe4 13. Nxe4 Nxe4 14. Bxe4
Bxe4 15. Rxe4 Bf6 16. c3 e5 17. Be3 Qd5 18. Qd3 c5 19. c4 Qd6 20. d5 b6 21. Re1
Rae8 22. Bf4 Re7 23. Bd2 Rfe8 24. Rb1 g6 25. b4 Bg7 26. b5 f5 27. Re2 e4 28. Qc2
Bd4 29. Be3 Kf7 30. Qd2 Qe5 31. Bxd4 cxd4 32. f3 e3 33. Qd3 f4 34. g4 g5 35.
Qxh7+ Qg7 36. Qxg7+ Kxg7 37. a4 Rc8 38. Rc1 Rd7 39. Rec2 Rd6 40. Kg2 Kg6 41. Ra2
d3 42. a5 d2 43. Rd1 Rxc4 44. Raa1 Rxd5 45. axb6 axb6 46. Kf1 Rxb5 47. Ke2 Rc1
48. Raxc1 dxc1=Q 49. Rxc1 Rb2+ 50. Ke1 b5 51. h3 b4 52. Rc6+ Kg7 53. Rc7+ Kg6
54. Rc6+ Kg7 55. Rc5 Kg6 56. Rc6+ 1/2-1/2

[Event "Let's Play Chess!"]
[Site "http://www.queenalice.com/game.php?id=439969"]
[Date "2008.7.28"]
[Round "-"]
[White "CampbellMarcel"]
[Black "parisfrance"]
[Result "0-1"]
[WhiteElo "1555"]
[BlackElo "1658"]

1. e4 c5 2. Nf3 Nc6 3. Bc4 e6 4. d4 cxd4 5. Nxd4 Nf6 6. Bg5 Be7 7. Nxc6 dxc6 8.
O-O Nxe4 9. Bxe7 Qxe7 10. Nc3 Nxc3 11. bxc3 b5 12. Bd3 Bb7 13. Qf3 c5 14. Qg3
O-O-O 15. Bxb5 a6 16. Bd3 g6 17. Rab1 Qd6 18. Qg4 f5 19. Qa4 Rd7 20. Rb2 Qc6 21.
Qxc6+ Bxc6 22. Bxa6+ Bb7 23. Bxb7+ Rxb7 24. Rxb7 Kxb7 25. Rb1+ Ka6 26. Rb3 e5
27. f3 e4 28. fxe4 fxe4 29. c4 Rd8 30. Re3 Rd2 31. Rxe4 Rxc2 32. Re6+ Ka5 33.
Re7 Kb4 34. Rxh7 Rxa2 35. Rg7 Kxc4 36. Rxg6 Kc3 37. Rg3+ Kd2 38. h4 c4 39. h5 c3
40. h6 Ra8 41. Rxc3 Kxc3 42. g4 Rg8 43. h7 Rxg4+ 0-1

[Event "Let's Play Chess!"]
[Site "http://www.queenalice.com/game.php?id=439970"]
[Date "2008.7.28"]
[Round "-"]
[White "parisfrance"]
[Black "ekup"]
[Result "0-1"]
[WhiteElo "1623"]
[BlackElo "2100"]

1. e4 c5 2. Nc3 Nc6 3. g3 d6 4. Bg2 h6 5. d3 e6 6. f4 Nf6 7. Nf3 a6 8. d4 cxd4
9. Nxd4 Bd7 10. O-O Be7 11. Nxc6 Bxc6 12. Be3 O-O 13. Rb1 Rc8 14. Qd4 Qc7 15.
Qb6 Qd7 16. Rbd1 Bd8 17. Qd4 Be7 18. e5 dxe5 19. Qxe5 Qe8 20. Bd4 Bxg2 21. Kxg2
Qc6+ 22. Kg1 Bd6 23. Qe2 Be7 24. Bxf6 Bxf6 25. Rd3 Rfd8 26. Rfd1 Rxd3 27. Qxd3
Rd8 0-1

[Event "Let's Play Chess!"]
[Site "http://www.queenalice.com/game.php?id=439971"]
[Date "2008.7.28"]
[Round "-"]
[White "ekup"]
[Black "parisfrance"]
[Result "0-1"]
[WhiteElo "1765"]
[BlackElo "1693"]

1. e4 c5 2. Nf3 Nc6 3. Bc4 e6 4. a3 Nf6 5. d3 d5 6. exd5 exd5 7. Bb3 Bg4 8. h3
Bxf3 9. Qxf3 Ne5 10. Qe2 Qe7 11. O-O Nc6 12. Qf3 Ne5 13. Qf5 Qe6 14. Qf4 Ng6 15.
Qg3 Bd6 16. Qf3 Ne5 17. Qe2 Nc6 18. Qd1 O-O 19. f4 Nd4 20. Ba2 Ne2+ 21. Kh2 Nxc1
22. Qxc1 Nh5 23. Nc3 c4 24. dxc4 Qf5 25. Nxd5 Qg6 26. Qe3 Rfe8 27. Qd2 Rad8 28.
Rad1 Qg3+ 29. Kh1 Bxf4 30. Rxf4 Nxf4 31. Qxf4 Qxf4 32. Nxf4 Rxd1+ 33. Kh2 Rd2
34. Bb3 Rf2 35. Ba4 Re4 36. Nd3 Rd2 37. Nc1 Rxc4 38. Bb3 Rf4 39. Nd3 Rf6 40. Ba4
b5 41. Bb3 a5 42. a4 bxa4 43. Bxa4 Re6 44. Nc1 Rd1 45. Nd3 Rh6 46. Bb3 Rd2 47.
Nf4 Rhd6 48. Kg3 Rb6 0-1

[Event "Let's Play Chess!"]
[Site "http://www.queenalice.com/game.php?id=439972"]
[Date "2008.7.28"]
[Round "-"]
[White "parisfrance"]
[Black "ekup"]
[Result "0-1"]
[WhiteElo "1616"]
[BlackElo "2043"]

1. e4 c5 2. Nc3 d6 3. g3 a6 4. Bg2 h6 5. d3 Nc6 6. f4 e6 7. Nf3 Bd7 8. d4 cxd4
9. Nxd4 Nf6 10. O-O Be7 11. Nxc6 Bxc6 12. Be3 O-O 13. Rb1 Rc8 14. Qd4 Qc7 15.
Qb6 Qd7 16. Rbd1 Bd8 17. Qd4 Be7 18. a3 Rfd8 19. Bh3 Qc7 20. Bg2 Bb5 21. Nxb5
axb5 22. c3 Ng4 23. h3 Bf6 24. Qb4 Nxe3 0-1

[Event "Let's Play Chess!"]
[Site "http://www.queenalice.com/game.php?id=439973"]
[Date "2008.7.28"]
[Round "-"]
[White "ekup"]
[Black "parisfrance"]
[Result "1-0"]
[WhiteElo "2033"]
[BlackElo "1600"]

1. e4 c5 2. Nf3 Nc6 3. Bc4 e6 4. a3 Nf6 5. d3 d5 6. exd5 exd5 7. Bb3 Bg4 8. h3
Bxf3 9. Qxf3 Ne5 10. Qe2 Qe7 11. O-O Nc6 12. Qf3 Ne5 13. Qd1 O-O-O 14. Nc3 Kb8
15. Bf4 Ka8 16. Re1 Nfd7 17. Nxd5 Qd6 18. d4 cxd4 19. Qxd4 f6 20. Rad1 g5 21.
Be3 Nc6 22. Qa4 Qb8 23. Bb6 1-0

[Event "Let's Play Chess!"]
[Site "http://www.queenalice.com/game.php?id=482366"]
[Date "2008.10.24"]
[Round "-"]
[White "parisfrance"]
[Black "jw16js"]
[Result "0-1"]
[WhiteElo "1642"]
[BlackElo "1552"]

1. e4 e5 2. Nf3 d6 3. d4 h6 4. dxe5 dxe5 5. Qxd8+ Kxd8 6. Nxe5 Be6 7. Bc4 Bxc4
8. Nxc4 Nc6 9. e5 Bc5 10. O-O Nge7 11. Nc3 Nd4 12. Ne3 Ng6 13. Na4 Ne2+ 14. Kh1
Be7 15. Nf5 Nxc1 16. Rd1+ Nd3 17. Nxe7 Nxe5 18. Nc5 Kxe7 19. Nxd3 Ng4 20. f3 Nf6
21. Re1+ Kd7 22. Ne5+ Kc8 23. Nxf7 Rf8 24. Ne5 Re8 25. f4 b6 0-1

[Event "Let's Play Chess!"]
[Site "http://www.queenalice.com/game.php?id=482367"]
[Date "2008.10.24"]
[Round "-"]
[White "parisfrance"]
[Black "spawnwolfwolverine"]
[Result "0-1"]
[WhiteElo "1675"]
[BlackElo "1646"]

1. e4 e5 2. Nf3 d6 3. d4 Bg4 4. dxe5 Bxf3 5. Qxf3 dxe5 6. Bc4 Qd7 7. Qb3 b6 8.
Nc3 c6 9. Be3 c5 10. Bb5 Nc6 11. Rd1 Qc7 12. Nd5 Qb7 13. Qa4 Rc8 14. c4 Bd6 15.
Ba6 Qd7 16. Bxc8 Qxc8 17. Nxb6 axb6 18. Rxd6 Ne7 19. O-O O-O 20. a3 Rd8 21. Rfd1
Rxd6 22. Rxd6 Nd4 23. Bxd4 exd4 24. Rxb6 g6 25. Qb3 f5 26. exf5 Nxf5 27. Rb8
Qxb8 28. Qxb8+ Kg7 29. Qe5+ Kh6 30. Qxc5 Kh5 31. Kf1 d3 32. Qd5 h6 33. Qxd3 Kg5
34. b4 h5 35. c5 h4 36. c6 Kg4 37. Qxf5+ gxf5 38. c7 f4 39. c8=Q+ Kg5 40. Qh3 f3
0-1

[Event "Let's Play Chess!"]
[Site "http://www.queenalice.com/game.php?id=482368"]
[Date "2008.10.24"]
[Round "-"]
[White "parisfrance"]
[Black "spawnwolfwolverine"]
[Result "0-1"]
[WhiteElo "1658"]
[BlackElo "1663"]

1. e4 e5 2. Nf3 d6 3. d4 exd4 4. Nxd4 Bd7 5. Bb5 a6 6. Bxd7+ Nxd7 7. O-O Ngf6 8.
Bg5 Be7 9. Nf5 O-O 10. Nxe7+ Qxe7 11. Nc3 c6 12. Qd2 Ne5 13. Bxf6 Qxf6 14. Ne2
b5 15. Ng3 Nc4 16. Qc1 Qxb2 17. Rd1 Qxc1 18. Raxc1 Rad8 19. Nf5 d5 20. Ne7+ Kh8
21. Nxc6 Rd6 22. exd5 g6 23. Nb4 a5 24. Nc6 Rc8 25. Na7 Rc5 26. Nc6 Rcxd5 27.
Rxd5 Rxd5 28. Kf1 a4 29. Nb4 Rd4 30. c3 Rd2 31. Rc2 Rxc2 32. Nxc2 f5 33. Ke2 Kg7
34. f4 h6 35. h4 h5 36. Nd4 Nd6 37. Kd3 Kf6 38. Nf3 Ne4 39. Kd4 Ng3 40. Ng1 Ne4
0-1

[Event "Let's Play Chess!"]
[Site "http://www.queenalice.com/game.php?id=482369"]
[Date "2008.10.24"]
[Round "-"]
[White "spawnwolfwolverine"]
[Black "parisfrance"]
[Result "1-0"]
[WhiteElo "1674"]
[BlackElo "1712"]

1. c4 e5 2. d3 Nf6 3. e4 Bb4+ 4. Bd2 Bc5 5. Nf3 Nc6 6. Be2 O-O 7. O-O d6 8. Bg5
Nd4 9. Nc3 h6 10. Bxf6 Nxe2+ 11. Qxe2 Qxf6 12. Nd5 Qd8 13. a3 c6 14. Nc3 Bg4 15.
h3 Bh5 16. g4 Bxg4 17. hxg4 Qe7 18. b4 Bd4 19. Nxd4 exd4 20. Na4 b6 21. Nb2 c5
22. bxc5 dxc5 23. a4 Qh4 24. f3 Qg3+ 25. Qg2 Qxg2+ 26. Kxg2 g5 27. Kg3 Rae8 28.
f4 f6 29. fxg5 hxg5 30. a5 Re6 31. axb6 axb6 32. Ra7 Rf7 33. Rxf7 Kxf7 34. Ra1
Rc6 35. Ra6 Ke6 36. Na4 1-0

[Event "Let's Play Chess!"]
[Site "http://www.queenalice.com/game.php?id=482370"]
[Date "2008.10.24"]
[Round "-"]
[White "spawnwolfwolverine"]
[Black "parisfrance"]
[Result "1-0"]
[WhiteElo "1627"]
[BlackElo "1694"]

1. c4 e5 2. d3 Nf6 3. e4 Bb4+ 4. Bd2 Bc5 5. Nf3 Nc6 6. Be2 O-O 7. O-O d6 8. Nc3
Nd4 9. Nxd4 exd4 10. Nd5 Nxd5 11. cxd5 Qf6 12. a3 c6 13. b4 Bb6 14. h3 Qg6 15.
Kh2 cxd5 16. exd5 Bf5 17. f3 Bd8 18. g4 Bxd3 19. Bxd3 Qxd3 20. Kg3 Qc4 21. Bf4
Qxd5 22. Qd3 Bb6 23. Qe4 Qxe4 24. fxe4 Rfe8 25. Bxd6 Rxe4 26. Bc5 Bxc5 27. bxc5
d3 28. a4 Re7 29. Rad1 Rd8 30. Rd2 Re5 31. Rf3 Red5 32. Re3 f6 33. Kf4 Kf7 34.
Ke4 Re5+ 35. Kf4 Rxe3 36. Kxe3 Ke6 37. Rxd3 Rxd3+ 38. Kxd3 Kd5 39. h4 Kxc5 40.
Ke4 1-0